| 000 | 00575nam a2200217Ia 4500 | ||
|---|---|---|---|
| 003 | OSt | ||
| 005 | 20220928141714.0 | ||
| 006 | a|||||r|||| 00| 0 | ||
| 007 | ta | ||
| 008 | 220927b |||||||| |||| 00| 0 eng d | ||
| 024 | _a16933 | ||
| 037 | _cTextual | ||
| 040 |
_aSDCL _cSDCL _beng |
||
| 041 |
_2eng _aeng |
||
| 082 | _aWxM91x, 152P2 | ||
| 100 |
_aGramshi Antoniyo _9501684 |
||
| 245 | 0 | _aSaanskritik aur raajneetik chintan ke buniyaadi sarokar | |
| 260 | _c2002 | ||
| 942 |
_hWxM91x, 152P2 _cTEXL _2CC |
||
| 999 |
_c819265 _d819265 |
||